000
00325nam a22001457a 4500
008
210311b ||||| |||| 00| 0 eng d
020
_a
9780030202186
041
_a
eng
080
_2
3th
_a
575
082
_2
3th
_a
575
100
_a
5
101
_a
BIO
245
_a
Organic & Biochemistry
_c
Bettelheim,A.F
942
_2
udc
_c
BK
999
_c
56356
_d
56356